00415nam a22001337a 4500003000400000008004100004082001800045100002300063245011000086260003200196300000900228502001500237650002900252OSt260428b |||||||| |||| 00| 0 eng d a634.421bM29E aMandal, Asim Kumar aEffect of Growth Substances on Fruiting and Physico-Chemical Characteristics of Guava (Psidium Gujava L.) aPusa, SamastipurbRAUc1993 a90P. bMsc.d1993 aFruit & Fruit Technology